000 00368nam a2200133Ia 4500
008 231221s9999 xx 000 0 und d
020 _a978-0-387-32668-9
041 _aEnglish
100 _aHeung-Yeung Shum, Shing-Chow Chan, Sing Bing Kang
245 0 _aImage-Based Rendering
260 _c2007
_bSpringer US
_aNew York
650 _aComputer Science
942 _cEB
999 _c218122
_d218122